Matemáticas modernas : (Record no. 37429)

MARC details
000 -CABECERA
campo de control de longitud fija 00646nam a2200193 a 4500
005 - FECHA Y HORA DE LA ÚLTIMA TRANSACCIÓN
campo de control 20230524063800.0
008 - ELEMENTOS DE LONGITUD FIJA--INFORMACIÓN GENERAL
campo de control de longitud fija 991125s1978 mx 000 0 spa u
020 ## - NÚMERO INTERNACIONAL NORMALIZADO PARA LIBROS
Número Internacional Estándar del Libro 9684161069
035 ## - NÚMERO DE CONTROL DEL SISTEMA
Número de control de sistema UPN01000037429
049 ## - COLECCIÓN
Colección LT
050 #4 - SIGNATURA TOPOGRÁFICA DE LA BIBLIOTECA DEL CONGRESO
Número de clasificación LB1589 M6.6
Número de documento/Ítem M3.4
245 00 - MENCIÓN DE TÍTULO
Título Matemáticas modernas :
Resto del título libro 6 : sexto año /
Mención de responsabilidad, etc. [Arcadio Moreno Aguilar]
260 ## - PUBLICACIÓN, DISTRIBUCIÓN, ETC.
Lugar de publicación, distribución, etc. México :
Nombre del editor, distribuidor, etc. Fernández,
Fecha de publicación, distribución, etc. 1978.
300 ## - DESCRIPCIÓN FÍSICA
Extensión 144 p.
440 #0 - MENCIÓN DE SERIE/ASIENTO SECUNDARIO--TÍTULO
Título Continental de textos programados para la educación primaria.
Nombre de parte o sección de la obra Fesa ;
Designación de volumen o secuencia 146
650 #4 - ASIENTO SECUNDARIO DE MATERIA - TERMINO TEMATICO
Término de materia o nombre geográfico como elemento de entrada Matemáticas
Subdivisión general Estudio y enseñanza (Elemental)
9 (RLIN) 2809
700 1# - ASIENTO SECUNDARIO--NOMBRE DE PERSONAL
Nombre de persona Moreno Aguilar, Arcadio,
Término indicativo de función/relación coaut.
9 (RLIN) 29391
905 ## - TIPO DE MATERIAL
Tipo de material Libro
Holdings
Estado de retiro Estado de pérdida Fuente del sistema de clasificación o colocación Estado dañado No para préstamo Código de colección Localización permanente Ubicación/localización actual Ubicación en estantería Fecha de adquisición Clasificación Código de barras Fecha visto por última vez Número de copia Tipo de ítem Koha
    Library of Congress Classification   Disponible (Préstamo en sala) Libros de texto Bib. Gregorio Torres Quintero Bib. Gregorio Torres Quintero Colecciones especiales Planta alta 25/05/2023 LB1589 M6.6 M3.4 29907 31/12/2020 1 Libro